00530nam a2200181Ia 4500020001500000040000800015082001700023100002400040245006900064250001700133260004600150300002600196500002800222650002600250650002700276650002200303650002300325 a0804831947 cNBO a759 BRI 19981 aBriessen, Fritz van14aThe way of the brush :bpainting techniques of China and Japan / a1st paper ed aBoston, Mass. :bTuttle Publishing.c1998 a329 p.bill. ;c28 cm aFirst published in 1962 0aInk painting, Chinese 0aInk painting, Japanese 0aPainting, Chinese 0aPainting, Japanese